All Empires Ever - Statistics

General Stats
  • This quiz has been taken 38 times
  • The average score is 20 of 265
Answer Stats
Answer % Correct
British Empire
64%
Achaemenid Empire
60%
Ottoman Empire
60%
Roman Empire
60%
Mongol Empire
56%
Russian Empire
52%
German Empire
48%
Mughal Empire
48%
Spanish Empire
48%
Austria-Hungary
44%
Holy Roman Empire
40%
Dutch Empire
36%
Han Dynasty
36%
Italian Empire
36%
Ming Dynasty
36%
Qing Dynasty
36%
Soviet Union
36%
Aztec Empire
32%
Belgian Empire
32%
Byzantine Empire
32%
Mali Empire
32%
Portuguese Empire
32%
Swedish Empire
32%
Egyptian Empire
28%
Macedonian Empire
28%
Abbasid Caliphate
24%
Inca Empire
24%
Song Dynasty
24%
Yuan Dynasty
24%
Danish Empire
20%
Korean Empire
20%
Mauryan Empire
20%
Nazi Germany
20%
Serbian Empire
20%
Songhai Empire
20%
Tang Dynasty
20%
Abyssinia
16%
Assyria
16%
Carthaginian Empire
16%
Delhi Sultanate
16%
Empire of Japan
16%
First French Empire
16%
Frankish Empire
16%
Hunnic Empire
16%
Kievan Rus
16%
Majapahit Empire
16%
Neo-Babylonian Empire
16%
Polish-Lithuanian Commonwealth
16%
Second French Empire
16%
Tibetan Empire
16%
Timurid Empire
16%
Umayyad Caliphate
16%
Chola Empire
12%
First Bulgarian Empire
12%
Ghana Empire
12%
Golden Horde
12%
Gran Colombia
12%
Khmer Empire
12%
Qin Dynasty
12%
Safavid Dynasty
12%
Yugoslavia
12%
Akkadian Empire
8%
Austrian Empire
8%
British Raj
8%
East Francia
8%
Empire of Brazil
8%
First Mexican Empire
8%
French Colonial Empire
8%
Gupta Empire
8%
Hittite Empire
8%
Ilkhanate
8%
Kalmar Union
8%
Maratha Empire
8%
Median Empire
8%
Parthian Empire
8%
Qajar Dynasty
8%
Rashidun Caliphate
8%
Second Bulgarian Empire
8%
Second Mexican Empire
8%
Seleucid Empire
8%
Tsardom of Russia
8%
Venetian Republic
8%
Western Roman Empire
8%
West Francia
8%
Zulu Empire
8%
Aceh Sultanate
4%
Afsharid Dynasty
4%
Almohad Caliphate
4%
Almoravid Dynasty
4%
Aq Qoyunlu
4%
Armenian Empire
4%
Ayyubid Dynasty
4%
Bengal Sultanate
4%
Benin Empire
4%
Chagatai Khanate
4%
Congo Free State
4%
Crimean Khanate
4%
Gallic Empire
4%
Goguryeo
4%
Iberian Union
4%
Joseon
4%
Kazakh Khanate
4%
Kingdom of Prussia
4%
Konbaung Dynasty
4%
Kong Empire
4%
Latin Empire
4%
Mamluk Sultanate
4%
Manchukuo
4%
Nanda Empire
4%
Neo-Assyrian Empire
4%
Numidia
4%
Omani Empire
4%
Pagan Empire
4%
Pahlavi Dynasty
4%
Qara Qoyunlu
4%
Sassanid Dynasty
4%
Siamese Empire
4%
Sikh Empire
4%
Sokoto Caliphate
4%
Srivijaya Empire
4%
Sui Dynasty
4%
Sumer
4%
Tlemcen
4%
Tongan Empire
4%
Vijayanagara Empire
4%
Aghlabid Emirate
0%
Ahom Dynasty
0%
Aksumite Empire
0%
Akwamu
0%
Alaouite Dynasty
0%
Angevin Empire
0%
Ashanti Empire
0%
Aulikara Empire
0%
Babylonian Empire
0%
Balhae
0%
Bamana Empire
0%
Banten Sultanate
0%
Bornu Empire
0%
Britannic Empire
0%
Bruneian Empire
0%
Bukhara Empire
0%
Burgundian State
0%
Buyid Dynasty
0%
Caliphate of Cordoba
0%
Cao Wei
0%
Cebu Rajahnate
0%
Chalukya Dynasty
0%
Chauhan Dynasty
0%
Chavin Empire
0%
Chenla
0%
Chera Dynasty
0%
Comanche Empie
0%
Commonwealth of England
0%
Dacian Empire
0%
Demak Sultanate
0%
Duchy of Savoy
0%
Durrani Empire
0%
Eastern Chalukya Empire
0%
Eastern Wu
0%
Elamite Empire
0%
Empire of Great Fulo
0%
Empire of Harsha
0%
Empire of Thessalonica
0%
Empire of Trebizond
0%
Exarchate of Africa
0%
Fatimid Caliphate
0%
First Jin Dynasty
0%
First Zhou Dynasty
0%
Funan
0%
Gaza Empire
0%
Ghaznavid Dynasty
0%
Ghurid Dynasty
0%
Gokturk Khaganate
0%
Gorkha Empire
0%
Goryeo
0%
Great Moravian Empire
0%
Gurjara-Pratihara Dynasty
0%
Hafsid Kingdom
0%
Hanseatic League
0%
Hapsburg Dynasty
0%
Hephthalite Empire
0%
Hotak Dynasty
0%
Hoysala Empire
0%
Husainid Dynaty
0%
Ibrisid Dynasty
0%
Johor Empire
0%
Jolof Empire
0%
Kaabu Empire
0%
Kachari Kingdom
0%
Kadamba Dynasty
0%
Kanem Empire
0%
Kanva Dynasty
0%
Kara-Khanid Khanate
0%
Khazar Khaganate
0%
Khilji
0%
Khwarazmian Dynasty
0%
Kingdom of Israel
0%
Kingdom of Judah
0%
Kingdom of Kush
0%
Kingdom of Mitanni
0%
Kushan Empire
0%
Lakota People
0%
Later Le Dynasty
0%
Liao Dynasty
0%
Lodi Sultanate
0%
Madurai Nayak Dynasty
0%
Malacca Empire
0%
Marinid Dynasty
0%
Massina Empire
0%
Mataram Sultanate
0%
Mauretania
0%
Mlechchha Dynasty
0%
Nguyen Dynasty
0%
Oyo Empire
0%
Pala Dynasty
0%
Pala Empire
0%
Palmyrene Empire
0%
Pandyan Dynasty
0%
Pontic Empire
0%
Ptolemaic Empire
0%
Ramnad Sethupathis
0%
Rashtrakuta Dynasty
0%
Republic of Genoa
0%
Rouran Khaganate
0%
Saadi Dynasty
0%
Saffarid Dynasty
0%
Samanid Empire
0%
Satavahana Dynasty
0%
Saudeleur Dynasty
0%
Second Jin Dynasty
0%
Second Zhou Dynasty
0%
Seljuq Empire
0%
Shang Dynasty
0%
Shu Han
0%
Shunga Empire
0%
Singhasari
0%
Sultanate of Banjar
0%
Sultanate of Gowa
0%
Sultanate of Siak Sri Indrapura
0%
Sultanate of Sulu
0%
Sultanate of Ternate
0%
Sultanate of Tidore
0%
Sur Empire
0%
Tahirid Dynasty
0%
Tay Son Dynasty
0%
Thanjavur Nayak Dynasty
0%
Toltec Empire
0%
Tondo Dynasty
0%
Toucouleur Empire
0%
Toungoo Dynasty
0%
Turgesh Khaganate
0%
Uyghur Khaganate
0%
Uyunid Emirate
0%
Uzbek Khanate
0%
Vandal Kingdom
0%
Varman Dynasty
0%
Wadiyar Dynasty
0%
Wari Empire
0%
Wassoulou Empire
0%
Wattasid Dynasty
0%
Western Chalukya Empire
0%
Western Xia Dynasty
0%
Xin Dynasty
0%
Zand Dynasty
0%
Zirid Dynasty
0%
No matching quizzes found
Score Distribution
Percent of People with Each Score
Percentile by Number Answered
Your Score History
You have not taken this quiz